| 000 | 00838nam a2200265Ia 4500 | ||
|---|---|---|---|
| 005 | 20220316235720.0 | ||
| 008 | 121119s1997 ck gr 000 0 spa | ||
| 020 | _a8476729200 | ||
| 041 | 1 | _aspa | |
| 100 | 1 |
_aGibran, Khalil _d1883-1931 |
|
| 245 | 1 | 0 |
_aObras selectas _cKhalil Gibran ; traducción, Fath Al-Santott |
| 250 | _aPrimera edición | ||
| 300 | _a68 páginas | ||
| 600 | 1 | 4 |
_aGibrán, Kahlil _d1883-1931 _vColecciones de escritos _933591 |
| 650 | 1 | 4 |
_aCartas libanesas _2LEMB |
| 650 | 1 | 4 |
_aLiteratura libanesa _2LEMB |
| 700 | 1 |
_aAl-Santott, Fath _etraductor _933593 |
|
| 942 |
_2loc _cBKLIT |
||
| 264 |
_aMedellín _bCometa de papel _c1997 |
||
| 336 |
_atexto _btxt _2rdacontent |
||
| 337 |
_asin mediación _bn _2rdamedia |
||
| 338 |
_avolumen _bnc _2rdacarrier |
||
| 040 |
_aCO-BoRNBP _bspa _erda _cCO-BoRNBP |
||
| 084 | _aP GIB1 | ||
| 999 |
_c1926 _d1926 |
||